| 000 | 00648nam a2200229Ia 4500 | ||
|---|---|---|---|
| 005 | 20250508160641.0 | ||
| 008 | 008 250505s9999 xx 000 0 eng d | ||
| 037 | _aTextBook | ||
| 040 |
_aFEDL _beng _cFEDL |
||
| 041 |
_aeng _2eng |
||
| 084 |
_a372.24, TOD _qFEDL |
||
| 100 |
_aTodd Vivian Edmiston _9766011 |
||
| 245 | 0 | _aYears before school: Guiding preschool children | |
| 250 | _a2 | ||
| 260 |
_aLondon, UK _bMacmillan Company _c1970 |
||
| 300 | _axi,671p | ||
| 365 |
_aINR _b63.72 |
||
| 650 |
_aElementary school _9766012 |
||
| 700 |
_a Heffernan Helen _9769022 |
||
| 942 |
_cTB _h372.24, TOD |
||
| 999 |
_c1365832 _d1365832 |
||